Die Aufgabe der Geschichte der Alttestamentlichen Auslegung in der Gegenwart. (Record no. 37326)

MARC details
000 -LEADER
fixed length control field 00489cam a22001697 4500
001 - CONTROL NUMBER
control field ltf90004878
003 - CONTROL NUMBER IDENTIFIER
control field DLC
005 - DATE AND TIME OF LATEST TRANSACTION
control field 20260227111550.0
008 - FIXED-LENGTH DATA ELEMENTS--GENERAL INFORMATION
fixed length control field 901030s1876 gw 000 0 ger
010 ## - LIBRARY OF CONGRESS CONTROL NUMBER
LC control number ltf90004878
040 ## - CATALOGING SOURCE
Original cataloging agency DLC
Transcribing agency DLC
Modifying agency DLC
050 00 - LIBRARY OF CONGRESS CALL NUMBER
Classification number 4BS 221
100 1# - MAIN ENTRY--PERSONAL NAME
Personal name Siegfried, Carl,
Dates associated with a name 1830-1903.
245 14 - TITLE STATEMENT
Title Die Aufgabe der Geschichte der Alttestamentlichen Auslegung in der Gegenwart.
Remainder of title Akademische Antrittsrede.
260 ## - PUBLICATION, DISTRIBUTION, ETC.
Place of publication, distribution, etc. Jena,
Name of publisher, distributor, etc. H. Dufft,
Date of publication, distribution, etc. 1876.
300 ## - PHYSICAL DESCRIPTION
Extent 20 p.

No items available.

Powered by Koha